BIBLIOTHÈQUE DE LA MAISON DU MEXIQUE

Logo 1 Logo 2

Plantas tóxicas de México (notice nᵒ 6545)

détails MARC
000 -Sello discográfico
campo de control de longitud fija 00892nam a2200289 4500
005 - Identificación de versión
campo de control 20251016084658.0
010 ## - Número Estándar Internacional de Libros (ISBN)
Número (ISBN) 968-824-149-0
099 ## - fechas locales
Tipo de ítem Koha LIBRO
100 ## - Datos de procesamiento general
Datos de procesamiento general 20230623d1982 m y1spay5003 ba
105 ## - Campo de datos codificados: Material textual, monográfico
Datos codificados de monografía a 001zy
200 1# - Título y mención de responsabilidad
Título propio Plantas tóxicas de México
Designación general del material texto impreso
Primer mención de responsabilidad Abigail Aguilar Contreras, Carlos Zolla
205 ## - Declaración de edición
Declaración de edición 1a ed
210 ## - Publicación, distribución, etc.
Lugar de publicación, distribución, etc. México
Nombre del editor, distribuidor, etc. Instituto Mexicano del Seguro Social
Fecha de publicación, distribución, etc. 1982
215 ## - Descripción física
Designación de material específico y extensión del ítem 271 p
Otras características físicas il.
Dimensiones 25 cm
345 ## - Nota de información de adquisición
Fuente de adquisición/dirección de la suscripción [OBSOLETO] Donación
606 ## - Término temático usado como materia
Elemento de entrada Plantas venenosas
Subdivisión temática Toxicología
-- México
Número Koha 12417
660 ## - Código de área geográfica
Código MX
700 ## - Nombre personal - Responsabilidad primaria
Elemento de entrada Aguilar Contreras
Parte del nombre distinta del elemento de entrada Abigail
Número Koha 12418
701 ## - Nombre personal - Responsabilidad alternativa
Elemento de entrada Zolla Luque
Parte del nombre distinta del elemento de entrada Carlos
Fechas 1945-2019
Número Koha 12419
801 #0 - Fuente de origen
País FR
Agencia cm
Reglas de catalogación (convenciones descriptivas) AFNOR
900 ## -
-- 1/22114
900 ## -
-- 7100417642\080104
942 ## - ELEMENTOS DE ENTRADA SECUNDARIOS (KOHA)
Tipo de ítem Koha Livre
996 ## -
-- MEX
-- 751145101
-- MMAG
-- 008091
-- 580 A28P
-- 20230623LIV
Exemplaires
Estatus retirado Estado de daño Estado de pérdida Fecha de adquisición Biblioteca de origen Biblioteca actual Ubicación en estantería Código de barras Precio de reemplazo Signatura topográfica completa No para préstamo Tipo de ítem Koha Nota pública Nota no pública
      05/08/2025 Casa México Paris Casa México Paris   008091 05/08/2025 580 A28P   Livre 20230623LIV 751145101